[Event "Nachod op 11th"]
[Site "Nachod"]
[Date "2013.07.07"]
[Round "9"]
[White "Vrnata, Jiri"]
[Black "Strebkovs, Andrejs"]
[Result "0-1"]
[WhiteElo "2042"]
[BlackElo "2312"]
[PlyCount "74"]
[EventDate "2013.06.29"]
[EventType "swiss"]
[EventRounds "9"]
[EventCountry "CZE"]
[SourceTitle "CBM 155 Extra"]
[Source "ChessBase"]
[SourceDate "2013.08.26"]
[SourceVersion "1"]
[SourceVersionDate "2013.08.26"]
[SourceQuality "1"]

1. c4 g6 2. Nc3 Bg7 3. g3 d6 4. Bg2 e5 5. e4 c6 6. Nge2 Nd7 7. 0-0 Nh6 8. d4 0-0 9. f4 f5 10. d5 c5 11. Nb5 Nf7 12. exf5 gxf5 13. fxe5 Ndxe5 14. Nf4 Ng5 15. Nh5 Bh8 16. Nxd6 Qxd6 17. Bxg5 Ng4 18. h3 Bd4+ 19. Kh1 Qg6 20. Bh4 Ne3 21. Qf3 Nxf1 22. Rxf1 Bd7 23. Be7 Rf7 24. d6 Bc6 25. Qe2 Be4 26. Kh2 Be5 27. Nf4 Qh6 28. Qd2 Bxf4 29. Rxf4 Qe6 30. b3 h6 31. h4 Bxg2 32. Kxg2 Kh7 33. Qd3 Rg8 34. Rf2 Qe5 35. Re2 Rxg3+ 36. Qxg3 Qxe2+ 37. Kh3 Rg7 0-1

[Event "Nachod op 11th"]
[Site "Nachod"]
[Date "2013.07.02"]
[Round "4"]
[White "Malaniuk, Vladimir P"]
[Black "Vrnata, Jiri"]
[Result "1-0"]
[WhiteElo "2529"]
[BlackElo "2042"]
[PlyCount "79"]
[EventDate "2013.06.29"]
[EventType "swiss"]
[EventRounds "9"]
[EventCountry "CZE"]
[SourceTitle "CBM 155 Extra"]
[Source "ChessBase"]
[SourceDate "2013.08.26"]
[SourceVersion "1"]
[SourceVersionDate "2013.08.26"]
[SourceQuality "1"]

1. d4 Nf6 2. Nf3 g6 3. c4 c5 4. d5 d6 5. Nc3 Bg7 6. e4 Bg4 7. Qa4+ Nfd7 8. Nd2 0-0 9. h3 Nb6 10. Qc2 Bd7 11. Bd3 Na6 12. a3 Qe8 13. b3 Nc7 14. 0-0 Nc8 15. Rb1 b5 16. b4 cxb4 17. axb4 bxc4 18. Nxc4 Nb5 19. Nxb5 Bxb5 20. Be3 Nb6 21. Nxb6 axb6 22. Bxb6 Ra6 23. Be3 Ra3 24. Bxb5 Qxb5 25. Qc7 Bf6 26. Rfc1 Kg7 27. Qc4 Rb8 28. Qxb5 Rxb5 29. Rc6 Ra8 30. Rb6 Rxb6 31. Bxb6 Rb8 32. Be3 Rb5 33. Kf1 Kf8 34. Ke2 Ke8 35. Kd3 Kd7 36. Rb3 e6 37. Kc4 Rb8 38. Ra3 Bd8 39. Ra7+ Ke8 40. dxe6 1-0

[Event "CZE-chT2D 1213"]
[Site "Czech Republic"]
[Date "2013.01.20"]
[Round "7.5"]
[White "Vrnata, Jiri"]
[Black "Petraz, Martin"]
[Result "1/2-1/2"]
[WhiteElo "2060"]
[BlackElo "2007"]
[PlyCount "110"]
[EventDate "2012.10.14"]
[EventType "team-tourn"]
[EventRounds "11"]
[EventCountry "CZE"]
[SourceTitle "EXT 2016"]
[Source "ChessBase"]
[SourceDate "2015.10.08"]
[SourceVersion "1"]
[SourceVersionDate "2015.10.08"]
[SourceQuality "1"]
[WhiteTeam "Nachod"]
[BlackTeam "Ceska Trebova"]
[WhiteTeamCountry "CZE"]
[BlackTeamCountry "CZE"]

1. Nf3 d5 2. d4 Nf6 3. g3 Bf5 4. Bg2 c6 5. c4 e6 6. Nc3 Bb4 7. Nh4 Bg6 8. Qb3 Qa5 9. Nxg6 hxg6 10. Bd2 Nbd7 11. a3 Bxc3 12. Bxc3 Qa6 13. c5 Rb8 14. Bd2 b6 15. Qc2 bxc5 16. dxc5 Ng4 17. h3 Nge5 18. Bc3 Rh7 19. 0-0 Qc4 20. Rac1 Qxc5 21. Qa4 Qb5 22. Qxa7 Rb7 23. Qe3 Nc4 24. Qf3 f6 25. e4 Kf7 26. exd5 cxd5 27. Rfe1 Rh8 28. h4 Nde5 29. Bxe5 Nxe5 30. Rxe5 Qxb2 31. Rce1 Rb6 32. Bh3 f5 33. Bf1 Ra8 34. Rxd5 Rxa3 35. Rd7+ Ke8 36. Qd1 Ra8 37. Bc4 Kf8 38. Bxe6 Rxe6 39. Rxe6 Ra1 40. Rxg6 Rxd1+ 41. Rxd1 Kf7 42. Rg5 Qc2 43. Rd7+ Kf6 44. Rdxg7 Qd1+ 45. Kg2 Qd5+ 46. Kh2 Qc5 47. R7g6+ Kf7 48. Kg1 Qd5 49. g4 Qd1+ 50. Kg2 Qd5+ 51. f3 Qd2+ 52. Kg3 f4+ 53. Kh3 Qf2 54. Rg7+ Kf8 55. Rg8+ Kf7 1/2-1/2

[Event "CZE-chT2D 1213"]
[Site "Czech Republic"]
[Date "2012.10.14"]
[Round "1.5"]
[White "Kosek, Jiri"]
[Black "Vrnata, Jiri"]
[Result "1-0"]
[WhiteElo "2104"]
[BlackElo "2060"]
[PlyCount "67"]
[EventDate "2012.10.14"]
[EventType "team-tourn"]
[EventRounds "11"]
[EventCountry "CZE"]
[SourceTitle "EXT 2016"]
[Source "ChessBase"]
[SourceDate "2015.10.08"]
[SourceVersion "1"]
[SourceVersionDate "2015.10.08"]
[SourceQuality "1"]
[WhiteTeam "Vysoke Myto"]
[BlackTeam "Nachod"]
[WhiteTeamCountry "CZE"]
[BlackTeamCountry "CZE"]

1. c4 Nf6 2. Nc3 g6 3. d4 Bg7 4. g3 c5 5. Nf3 0-0 6. Bg2 Nc6 7. d5 Na5 8. Qd3 d6 9. 0-0 Rb8 10. e4 e5 11. Bd2 a6 12. b3 b5 13. Rab1 b4 14. Ne2 Nh5 15. Ne1 f5 16. f4 Qe7 17. exf5 Bxf5 18. Be4 Bxe4 19. Qxe4 Nf6 20. Qg2 e4 21. Nc2 Ng4 22. h3 Nf6 23. Rbe1 Nb7 24. g4 a5 25. Ng3 a4 26. g5 Nh5 27. Nxh5 gxh5 28. Rxe4 Qd7 29. Rfe1 axb3 30. axb3 Rbe8 31. Re6 Na5 32. Qf3 Qf7 33. f5 Rxe6 34. dxe6 1-0

[Event "CZE-chT2D 0910"]
[Site "Czech Republic"]
[Date "2009.10.18"]
[Round "1.8"]
[White "Odstrcil, Jaromir"]
[Black "Vrnata, Jiri"]
[Result "0-1"]
[WhiteElo "1768"]
[BlackElo "2074"]
[PlyCount "64"]
[EventDate "2009.10.18"]
[EventType "team-tourn"]
[EventRounds "11"]
[EventCountry "CZE"]
[SourceTitle "EXT 2012"]
[Source "ChessBase"]
[SourceDate "2011.11.24"]
[SourceVersion "1"]
[SourceVersionDate "2011.11.24"]
[SourceQuality "1"]
[WhiteTeam "Litomysl"]
[BlackTeam "Rychnov nad Kneznou"]
[WhiteTeamCountry "CZE"]
[BlackTeamCountry "CZE"]

1. e4 c5 2. Nf3 Nc6 3. d4 cxd4 4. Nxd4 Nf6 5. Nc3 g6 6. Bc4 Bg7 7. Be3 0-0 8. f3 e6 9. Qd2 d5 10. exd5 Nxd5 11. Bxd5 exd5 12. 0-0-0 Ne5 13. b3 Be6 14. Bh6 Bh8 15. h4 Qa5 16. Na4 Qa6 17. Kb1 Rfc8 18. h5 Nc4 19. Qb4 b5 20. Nc3 Na3+ 21. Kb2 Rxc3 22. Kxc3 Nxc2 23. Kxc2 Qxa2+ 24. Kd3 Qxg2 25. Qd2 Qg3 26. Bf4 Bf5+ 27. Kc3 Qxf3+ 28. Qe3 Rc8+ 29. Kb4 a5+ 30. Kxb5 Bd7+ 31. Kb6 Bxd4+ 32. Qxd4 Qxb3+ 0-1

[Event "Nachod op"]
[Site "Nachod"]
[Date "2009.07.12"]
[Round "9"]
[White "Soural, Jan"]
[Black "Vrnata, Jiri"]
[Result "1/2-1/2"]
[WhiteElo "2207"]
[BlackElo "2047"]
[PlyCount "71"]
[EventDate "2009.07.04"]
[EventType "swiss"]
[EventRounds "9"]
[EventCountry "CZE"]
[SourceTitle "CBM 131 Extra"]
[Source "ChessBase"]
[SourceDate "2009.09.03"]
[SourceVersion "2"]
[SourceVersionDate "2009.09.16"]
[SourceQuality "1"]

1. d4 c5 2. d5 Nf6 3. c4 e6 4. Nc3 exd5 5. cxd5 g6 6. Nf3 d6 7. g3 Bg7 8. Bg2 Na6 9. 0-0 Nc7 10. a4 0-0 11. Nd2 b6 12. Nc4 Ba6 13. Na3 Re8 14. Re1 Ng4 15. h3 Ne5 16. Bd2 Qd7 17. Rb1 b5 18. b4 cxb4 19. Rxb4 Nc4 20. Naxb5 Nxd2 21. Qxd2 Bxb5 22. Nxb5 Na6 23. Rc4 Nc5 24. Qc2 Rac8 25. e3 a6 26. Nd4 Bxd4 27. Rxd4 Rb8 28. Rc4 Rb7 29. e4 f6 30. Rb1 Reb8 31. Rxb7 Rxb7 32. h4 Qe8 33. Bh3 Qe5 34. Qc3 Qxc3 35. Rxc3 Rb4 36. f3 1/2-1/2

[Event "Nachod op"]
[Site "Nachod"]
[Date "2009.07.10"]
[Round "7"]
[White "Martinovsky, Miroslav"]
[Black "Vrnata, Jiri"]
[Result "0-1"]
[WhiteElo "1912"]
[BlackElo "2047"]
[PlyCount "118"]
[EventDate "2009.07.04"]
[EventType "swiss"]
[EventRounds "9"]
[EventCountry "CZE"]
[SourceTitle "CBM 131 Extra"]
[Source "ChessBase"]
[SourceDate "2009.09.03"]
[SourceVersion "2"]
[SourceVersionDate "2009.09.16"]
[SourceQuality "1"]

1. Nf3 Nf6 2. c4 g6 3. b3 Bg7 4. Bb2 c5 5. g3 b6 6. Bg2 Bb7 7. 0-0 0-0 8. e3 Na6 9. d3 Nc7 10. Nc3 d6 11. d4 Nd7 12. Qd2 a6 13. a4 Ra7 14. Rfd1 Qa8 15. Ne1 Bxg2 16. Nxg2 Ne6 17. Nd5 Re8 18. h4 Qb7 19. Qe2 Nf6 20. Nxf6+ Bxf6 21. d5 Ng7 22. Bxf6 exf6 23. Nf4 Qd7 24. Qf3 Qf5 25. Kg2 h5 26. Nd3 Re4 27. Qxf5 Nxf5 28. Nf4 Kg7 29. Ne2 Ree7 30. Rd2 Rab7 31. Nc3 Nh6 32. Rh1 Ng4 33. Kf3 f5 34. Kg2 Rb8 35. Rb1 Nf6 36. Rdb2 Ne4 37. Ne2 b5 38. f3 Nf6 39. Kf2 Reb7 40. axb5 axb5 41. cxb5 Rxb5 42. Nc3 Rb4 43. Na2 R4b7 44. Nc3 Nd7 45. f4 Nf6 46. Ke2 Ne4 47. Nxe4 fxe4 48. Kd2 Kf6 49. Kc3 Rb4 50. Ra1 R8b6 51. Ra4 Kf5 52. Rxb4 Rxb4 53. Ra2 Kg4 54. Ra4 Kf3 55. Ra6 Kxe3 56. Rxd6 Kf2 57. Rd7 e3 58. Re7 Rd4 59. Rxf7 e2 0-1

[Event "Nachod op"]
[Site "Nachod"]
[Date "2009.07.09"]
[Round "6"]
[White "Vrnata, Jiri"]
[Black "Kovar, Vojtech"]
[Result "0-1"]
[WhiteElo "2047"]
[BlackElo "2328"]
[PlyCount "62"]
[EventDate "2009.07.04"]
[EventType "swiss"]
[EventRounds "9"]
[EventCountry "CZE"]
[SourceTitle "CBM 131 Extra"]
[Source "ChessBase"]
[SourceDate "2009.09.03"]
[SourceVersion "2"]
[SourceVersionDate "2009.09.16"]
[SourceQuality "1"]

1. c4 c5 2. Nc3 Nf6 3. g3 d5 4. cxd5 Nxd5 5. Bg2 Nc7 6. Nf3 Nc6 7. d3 e5 8. a4 Be7 9. Nd2 Bd7 10. Nc4 0-0 11. 0-0 f6 12. a5 Kh8 13. f4 exf4 14. Bxf4 Ne6 15. Nd5 Nxf4 16. Nxf4 Re8 17. e3 g6 18. h4 Rg8 19. h5 g5 20. Nd5 Be6 21. e4 Rf8 22. Rf2 Bd6 23. Kh2 Be5 24. Nce3 Bxg3+ 25. Kg1 Bxf2+ 26. Kxf2 Nd4 27. Kg1 f5 28. exf5 Nxf5 29. Qc2 Nxe3 30. Qc3+ Kg8 31. h6 Rf7 0-1

[Event "Nachod op"]
[Site "Nachod"]
[Date "2009.07.07"]
[Round "4"]
[White "Vrnata, Jiri"]
[Black "Ivekovic, Zvonimir"]
[Result "0-1"]
[WhiteElo "2047"]
[BlackElo "2308"]
[PlyCount "78"]
[EventDate "2009.07.04"]
[EventType "swiss"]
[EventRounds "9"]
[EventCountry "CZE"]
[SourceTitle "CBM 131 Extra"]
[Source "ChessBase"]
[SourceDate "2009.09.03"]
[SourceVersion "2"]
[SourceVersionDate "2009.09.16"]
[SourceQuality "1"]

1. e4 c5 2. Nc3 d6 3. g3 g6 4. Bg2 Bg7 5. Nh3 e6 6. 0-0 Ne7 7. f4 Nbc6 8. d3 Qb6 9. Kh1 Bd7 10. a4 a6 11. f5 gxf5 12. Qh5 0-0-0 13. a5 Qc7 14. Qxf7 Be5 15. Bh6 fxe4 16. dxe4 Ng6 17. Ng5 Rde8 18. Nxh7 Re7 19. Qxg6 Be8 20. Qg5 Rexh7 21. Rf8 Rxf8 22. Bxf8 Rh8 23. Rf1 Qh7 24. h3 Rg8 25. Qh6 Qxh6 26. Bxh6 Bxg3 27. Ne2 Be5 28. Bd2 Bxb2 29. Nf4 Bd7 30. c3 Nxa5 31. Rb1 Nc4 32. Be1 Bc6 33. Kh2 Rxg2+ 34. Nxg2 Bxe4 35. Ne3 Bxb1 36. Nxc4 Bc1 37. Nxd6+ Kc7 38. Ne8+ Kc6 39. h4 a5 0-1

[Event "Nachod op"]
[Site "Nachod"]
[Date "2009.07.05"]
[Round "2"]
[White "Vrnata, Jiri"]
[Black "Vrana, Jan"]
[Result "1/2-1/2"]
[WhiteElo "2047"]
[BlackElo "2236"]
[PlyCount "87"]
[EventDate "2009.07.04"]
[EventType "swiss"]
[EventRounds "9"]
[EventCountry "CZE"]
[SourceTitle "CBM 131 Extra"]
[Source "ChessBase"]
[SourceDate "2009.09.03"]
[SourceVersion "2"]
[SourceVersionDate "2009.09.16"]
[SourceQuality "1"]

1. e4 e5 2. Nf3 Nc6 3. Bb5 a6 4. Ba4 d6 5. d3 Bd7 6. 0-0 g6 7. d4 exd4 8. Bxc6 Bxc6 9. Qxd4 f6 10. Nc3 Bg7 11. Nd5 Qd7 12. Re1 Bxd5 13. exd5+ Ne7 14. Ng5 0-0 15. Ne6 Rfe8 16. Nxg7 Kxg7 17. Bd2 Nf5 18. Qf4 Rxe1+ 19. Rxe1 Re8 20. Rxe8 Qxe8 21. g4 Ne7 22. Qe4 Qf7 23. c4 Kf8 24. Qd4 b6 25. Bc3 Ng8 26. b4 Qe7 27. Qf4 Ke8 28. Kf1 Kd7 29. a4 Kc8 30. Bd4 Kb7 31. a5 bxa5 32. c5 dxc5 33. bxc5 Qf7 34. Qf3 Ne7 35. c6+ Kc8 36. Qb3 Nxd5 37. Qb7+ Kd8 38. Bc5 Nb6 39. Bxb6 Qc4+ 40. Kg2 Qxg4+ 41. Kf1 Qc4+ 42. Kg2 Qg4+ 43. Kf1 Qd1+ 44. Kg2 1/2-1/2

[Event "Nachod op 0405"]
[Site "Nachod"]
[Date "2005.??.??"]
[Round "9"]
[White "Mojzis, Jan"]
[Black "Vrnata, Jiri"]
[Result "1/2-1/2"]
[WhiteElo "2215"]
[BlackElo "1950"]
[PlyCount "35"]
[EventDate "2004.12.??"]
[EventType "swiss"]
[EventRounds "9"]
[EventCountry "CZE"]
[SourceTitle "EXT 2007"]
[Source "ChessBase"]
[SourceDate "2006.11.23"]
[SourceVersion "1"]
[SourceVersionDate "2006.11.23"]
[SourceQuality "1"]

1. e4 c5 2. Nf3 d6 3. d4 cxd4 4. Nxd4 Nf6 5. Nc3 g6 6. Be3 Bg7 7. f3 Nc6 8. Qd2 0-0 9. Bc4 Bd7 10. h4 h5 11. 0-0-0 Rc8 12. Bb3 Ne5 13. Bh6 Rc5 14. g4 hxg4 15. Bxg7 Kxg7 16. f4 Nc4 17. Bxc4 Rxc4 18. h5 1/2-1/2

[Event "Nachod op 9th"]
[Site "Nachod"]
[Date "2003.??.??"]
[Round "3"]
[White "Vavrousek, Petr"]
[Black "Vrnata, Jiri"]
[Result "0-1"]
[WhiteElo "1700"]
[BlackElo "1915"]
[PlyCount "70"]
[EventDate "2003.??.??"]
[EventType "swiss"]
[EventRounds "9"]
[EventCountry "CZE"]
[SourceTitle "EXT 2007"]
[Source "ChessBase"]
[SourceDate "2006.11.23"]
[SourceVersion "1"]
[SourceVersionDate "2006.11.23"]
[SourceQuality "1"]

1. e4 c5 2. Nf3 d6 3. d4 cxd4 4. Nxd4 Nf6 5. Nc3 a6 6. Bc4 e6 7. Bb3 Be7 8. g4 h6 9. Be3 Qc7 10. Qe2 b5 11. f3 Nc6 12. Nxc6 Qxc6 13. 0-0-0 Bd7 14. h4 a5 15. a4 bxa4 16. Bxa4 Qb7 17. Bxd7+ Nxd7 18. Qb5 Qc7 19. Rd4 Rb8 20. Qa4 0-0 21. g5 h5 22. f4 Rfc8 23. Rd2 Rb4 24. Qa2 Rcb8 25. Nd1 Rxe4 26. Rd4 Qc6 27. Rh2 Nc5 28. Rxe4 Qxe4 29. Re2 a4 30. Kd2 Qb4+ 31. Kc1 d5 32. Rd2 Rc8 33. Nc3 Ne4 34. Nxe4 Qxe4 35. Re2 Bc5 0-1